| 000 | 00687nam a22002057a 4500 | ||
|---|---|---|---|
| 999 |
_c16471 _d16471 |
||
| 003 | AR-CdUCM | ||
| 008 | 190503b ||||| |||| 00| 0 spa d | ||
| 040 |
_aMUNICIPALIDAD PROVINCIAL DEL CUSCO _cBIBLIOTECA MUNICIPAL DEL CUSCO |
||
| 082 |
_28ed _a895.303 / _bR215 |
||
| 100 |
_aRampa, Lobsang _9364 |
||
| 245 | _aLa sabiduría de los ancianos / | ||
| 260 |
_aBuenos Aires : _bTroquel, _c1970. |
||
| 300 |
_a229 páginas ; _c20 cm. |
||
| 505 | _aContenido: De A a Z -- Respiración -- Piedras -- Las cosas que comemos -- Ejercicios. | ||
| 650 |
_aLiteratura argentina _984 |
||
| 650 |
_aLoto _935933 |
||
| 650 |
_aSabiduría _927164 |
||
| 942 |
_2ddc _cLIBROS |
||
| 945 |
_adavv _d03/05/2019 |
||